| 000 | 00971nam0a2200301 4500 | ||
|---|---|---|---|
| 001 | RU\NLR\ONL2\4991 | ||
| 005 | 20250613125511.0 | ||
| 035 | _a(NLR Aleph) 009652589 | ||
| 090 |
_a9576794 _c9576794 |
||
| 100 | _a20060419d2005 |||y0rusy50 ca | ||
| 101 | 0 | _atgk | |
| 102 | _aRU | ||
| 105 | _aa ||||||||| | ||
| 200 | 1 |
_aЗабони модари _eКит. дарси барои с-фи 2 _fФ. Шарифов, Р. Мирзоев |
|
| 210 |
_aДушанбе _cБ. и. _d2005 |
||
| 215 |
_a238,[1] сах. _cил. _d22 |
||
| 541 | 1 |
_a[Родной язык _eУчеб. для 2 кл.] _zrus |
|
| 606 | 0 |
_aТаджикский язык _91749179 _3RU\NLR\auth\661079077 |
|
| 686 | 1 | _aШ152.312-922.1[2] | |
| 700 | 1 |
_aШарифов _bФ. _4070 |
|
| 701 | 1 |
_aМирзоев _bР. _4070 |
|
| 801 | 0 |
_aRU _bNLR _c20060419 _gPSBO |
|
| 852 |
_aNLR _bОНЛ _jТадж./3-6476 |
||
| 942 | _cBOOK | ||
| 980 | _aNB | ||
| 980 | _aONL_RF | ||